000 00689nam a22002537a 4500
001 584
005 20230619132806.0
008 230619b cb ||||| |||| 00| 0 eng d
020 _a078073003990
040 _aFISKH
_beng
050 _aQE521.3
082 _a551.21
100 _aLauber, Patricia
245 _aVolcanoes and earthquakes
_cPatricia Lauber
260 _aNew York :
_bScholastic.
_c1985.
300 _a74 pages :
_c20 cm.
505 _aO
520 _aDiscusses how earthquakes and volcanic eruptions occur and how they can be predicted.
521 _a840
_bLexile
521 _aO
_bRaz-Plus
650 _avolcanoes
650 _aearthquakes
942 _2ddc
_cBK
_n0
999 _c584
_d584